Estatísticas para Australianos Famosos

Clique aqui para jogar o quiz

Estatísticas Gerais

  • Esse quiz foi jogado 16 vezes
  • A pontuação média é 4 de 15

Estatísticas das Respostas

Resposta% Correto
Hugh Jackman
75%
Chris Hemsworth
69%
Nicole Kidman
44%
Heath Ledger
38%
Cate Blanchett
31%
Iggy Azalea
31%
Sia
25%
Isla Fisher
19%
Kylie Minogue
19%
Steve Irwin
19%
Keith Urban
6%
Elle Macpherson
0%
Gina Rinehart
0%
Julia Gillard
0%
Portia de Rossi
0%

Distribuição das Pontuações

Percentil de Números Respondidos

Porcentagem de Pessoas com Cada Pontuação

Sua Pontuação Histórica

Você não jogou esse quiz